[Event "Open de Louviers"]
[Site "Louviers"]
[Date "2004.05.31"]
[Round "7"]
[White "Benchara, Sara"]
[Black "Le Port, Luc"]
[Result "1/2-1/2"]
[WhiteElo "1160"]
[BlackElo "1220"]
[PlyCount "149"]

1. e4 e5 2. d4 exd4 3. Qxd4 Nc6 4. Qd1 Nf6 5. Nf3 Bc5 6. Bc4 Nxe4 7. O-O d6 8.
Qd3 Nb4 9. Qxe4+ Be6 10. Bg5 Qd7 11. Nc3 h6 12. Bh4 g5 13. Bg3 O-O-O 14. Bb5 c6
15. Bd3 d5 16. Qe2 Rhe8 17. Rfe1 Bg4 18. Qd2 Be3 19. Rxe3 Rxe3 20. fxe3 Bxf3
21. gxf3 d4 22. exd4 Qxd4+ 23. Bf2 Qd7 24. Bg3 f5 25. Bxf5 Qxf5 26. Nd5 Rxd5
27. Qxb4 Qxc2 28. Qe7 Rd2 29. Qe8+ Rd8 30. Qe5 Rd7 31. Re1 b6 32. f4 Rd1 33.
fxg5 Rxe1+ 34. Bxe1 Qb1 35. g6 Qxg6+ 36. Bg3 Qh7 37. Qe6+ Kb7 38. Qd6 Qg7 39.
Qb8+ Ka6 40. Qc8+ Kb5 41. Qb8 Qg5 42. h4 Qd5 43. Bf4 Qe6 44. Qxa7 c5 45. Bd2
Qc6 46. Qa3 c4 47. Qb4+ Ka6 48. a4 h5 49. Be3 Qe6 50. Kf2 Qc6 51. b3 cxb3 52.
Qxb3 b5 53. axb5+ Qxb5 54. Qe6+ Ka5 55. Qa2+ Qa4 56. Qd5+ Qb5 57. Bd2+ Ka4 58.
Qd4+ Ka3 59. Qc3+ Qb3 60. Qa1+ Qa2 61. Qe5 Qxd2+ 62. Qe2 Qd4+ 63. Qe3+ Qxe3+
64. Kxe3 Kb4 65. Kf4 Kc5 66. Kg5 Kd6 67. Kxh5 Ke7 68. Kg5 Kf8 69. h5 Kg8 70.
Kg6 Kh8 71. Kg5 Kg8 72. h6 Kh8 73. Kg6 Kg8 74. h7+ Kh8 75. Kh6 1/2-1/2

[Event "Open de Louviers"]
[Site "Louviers"]
[Date "2004.05.31"]
[Round "7"]
[White "Mougin, Loic"]
[Black "Voegele, Francois-Marie"]
[Result "1-0"]
[WhiteElo "1240"]
[BlackElo "1499"]
[PlyCount "59"]

1. e4 e5 2. Nf3 Nc6 3. Bb5 Bc5 4. Bxc6 bxc6 5. d4 exd4 6. Nxd4 d6 7. c3 Bxd4 8.
cxd4 Nf6 9. Nc3 Be6 10. Bg5 O-O 11. O-O Qd7 12. Bxf6 gxf6 13. h3 Rab8 14. b3 f5
15. d5 cxd5 16. exd5 Bxd5 17. Nxd5 h6 18. Nf6+ Kg7 19. Nxd7 Rb4 20. Nxf8 Kxf8
21. Qd2 Rh4 22. Rac1 c5 23. Qxd6+ Kg8 24. Qg3+ Rg4 25. hxg4 fxg4 26. Qxg4+ Kf8
27. Rxc5 f6 28. Re1 Kf7 29. Rc7+ Kf8 30. Qc8# 1-0

[Event "Open de Louviers"]
[Site "Louviers"]
[Date "2004.05.31"]
[Round "7"]
[White "Zakoski, Thomas"]
[Black "Arinal, Serge"]
[Result "0-1"]
[WhiteElo "1199"]
[BlackElo "1420"]
[PlyCount "96"]

1. e4 e6 2. d4 d5 3. e5 c5 4. Nf3 Nc6 5. c3 Bd7 6. Bb5 a6 7. Bxc6 bxc6 8. Nbd2
cxd4 9. Nxd4 c5 10. N4f3 Ne7 11. c4 d4 12. Ne4 Ng6 13. a3 Qc7 14. b4 Nxe5 15.
Bf4 Nxf3+ 16. Qxf3 e5 17. Bg3 cxb4 18. Nd2 Bc6 19. Qe2 Bd6 20. axb4 O-O 21. O-O
f6 22. c5 Be7 23. f3 Bb5 24. Nc4 Rfd8 25. f4 d3 26. Qd2 Bxc4 27. Rac1 Bxc5+ 28.
bxc5 Qxc5+ 29. Bf2 Qd5 30. fxe5 fxe5 31. Bh4 Re8 32. Rf3 e4 33. Re3 a5 34. Rc3
a4 35. Be1 a3 36. Qc1 a2 37. Rxc4 a1=Q 38. Qxa1 Rxa1 39. Rc3 Qd4 40. Kf2 Qxc3
41. Bxc3 Ra2+ 42. Kg3 d2 43. Bxd2 Rxd2 44. h3 Rd3 45. Kf2 Rxe3 46. Kxe3 Kf7 47.
g4 Kf6 48. Kf4 e3 0-1

[Event "Open de Louviers"]
[Site "Louviers"]
[Date "2004.05.31"]
[Round "7"]
[White "Benchara, Imane"]
[Black "Gehl, Arnaud"]
[Result "1-0"]
[WhiteElo "1340"]
[BlackElo "1400"]
[PlyCount "89"]

1. d4 e6 2. Bf4 Bb4+ 3. Bd2 Bd6 4. Nf3 Nf6 5. Nc3 Nc6 6. Bg5 Be7 7. e3 Nd5 8.
Bf4 O-O 9. Nxd5 exd5 10. Bd3 d6 11. O-O Bg4 12. h3 Bxf3 13. Qxf3 a5 14. Rad1 b6
15. Rfe1 g6 16. Qe2 b5 17. Bxb5 Nb8 18. Bd3 Nc6 19. Bh6 Re8 20. Bf4 Bg5 21.
Bxg5 Qxg5 22. Bb5 Reb8 23. Bxc6 Rb6 24. Bxa8 Qd8 25. e4 Qxa8 26. exd5 Qxd5 27.
Qe3 Rb8 28. Re2 Kg7 29. Rde1 h5 30. Qe7 Rf8 31. Re3 Qb5 32. Rf3 Qb8 33. Re4 Rg8
34. Rfe3 d5 35. Rf4 c6 36. Qxf7+ Kh6 37. Rf6 Qf8 38. Qxf8+ Rxf8 39. Rxf8 g5 40.
Re6+ Kg7 41. Rfe8 Kf7 42. R8e7+ Kf8 43. Ra7 c5 44. Rc6 Ke8 45. Rc8# 1-0